000 00605nam a2200241Ia 4500
003 OSt
005 20220918213820.0
006 a|||||r|||| 00| 0
007 ta
008 220917b |||||||| |||| 00| 0 eng d
024 _a134,406
037 _cTextual
040 _aARTS
_cARTS
_beng
041 _2eng
_aeng
082 _aX:75, M1
100 _aMishan E J
_9128546
245 0 _aIntroduction to normative economcs
260 _aNew York
_bOUP
_c1981
300 _axxi,548p.
_ccm.
650 _aECONOMICS
942 _hX:75, M1
_cTEXL
_2CC
999 _c257509
_d257509